| 000 | 00670nam a2200205 a 4500 | ||
|---|---|---|---|
| 001 | 000046961 | ||
| 005 | 20201002053238.0 | ||
| 008 | 180409s2016 dr 000 0 spa d | ||
| 020 | _a9789945595833 | ||
| 040 |
_aDO-SdBNP _bspa _cBNPHU |
||
| 082 |
_axxx _bP343e, 4to |
||
| 100 | 1 |
_aPayán Velez, Carolina _bV436e _974865 |
|
| 245 | 1 | 0 |
_aEducación artística 4 : _bcuarto grado, segundo ciclo; educación primaria / _cCarolina Payán Velez ; Veránica Veloz. |
| 260 |
_aSanto Domingo : _bActualidad, _c2016. |
||
| 300 |
_a168 p. : _bil. ; _c28 cm. |
||
| 490 | 1 | _aVeraz | |
| 590 | _aInventariado, 2018/MFF | ||
| 700 | 1 |
_aVeloz , Verónica _974866 |
|
| 830 | 0 |
_aVeraz _974848 |
|
| 999 |
_c46449 _d46449 |
||